| 000 | 00513ntaaa2200181 4500 | ||
|---|---|---|---|
| 003 | 01 | ||
| 005 | 20251027201914.0 | ||
| 008 | 0714s1973 ag 01 | ||
| 040 |
_aAR-BaBN _bspa _cAR-BaBN _eaacr _dRIC |
||
| 082 | _a244.1000 St8 | ||
| 100 | _aStretton, Hesba | ||
| 245 | _aCarlota | ||
| 250 |
_a1 ed. : _bInstituto Bíblico Moody, _cn.f. |
||
| 300 | _a45 p. | ||
| 500 | _a"la primera oración de Carlota" primera parte; la Biblioteca posee la obra completa. | ||
| 650 |
_aHistorias Bíblicas _910167 |
||
| 942 | _cBK | ||
| 999 |
_c13768 _d13768 |
||